Chicago Fire 2 - Statistics

General Stats
  • This quiz has been taken 128 times
  • The average score is 12 of 15
Answer Stats
Question Answer % Correct
What number is the firehouse the show is based at ? 51
92%
Who are the 2 lieutenants ? Casey and Severide
92%
Who is the chief of the firehouse ? Chief Boden
92%
Who owns mollys Herrmann
88%
In Season 3, What position does Mills take because he can't be on Squad? Paramedic
88%
Who died in the last episode of season 1 going into season 2 Shay
88%
Who died in season 1 Andy
85%
What does Mouch stand for Man / Couch
85%
What was the dogs name in season 1 season 2 and season 3 Pouch
85%
In the Episode "Real Never Waits" in Season 2, who ended up getting married? Chief Boden & Donna
81%
In Season 3, Who is Truck 81's new Candidate? Dawson
77%
In Season 3, the Episode "Always" who didn't make it out of the explosion alive? Shay
77%
Who drives Truck 81 Cruz
69%
Whats the name of the hospital they transport people too ? Lakeshore
65%
In Season 1, Who was Firehouse 51's Candidate before Peter Mill's shows up? Peter Mills
46%
No matching quizzes found
Score Distribution
Percent of People with Each Score
Percentile by Number Answered
Your Score History
You have not taken this quiz